000 01286nam a2200325 a 4500
001 ebr10371831
003 CaPaEBR
006 m u
007 cr cn|||||||||
008 070619s2007 ne a sb 001 0 eng
010 _z 2007025601
020 _z9780123725110 (pbk. : alk. paper)
020 _z0123725119 (pbk. : alk. paper)
040 _aCaPaEBR
_cCaPaEBR
035 _a(OCoLC)228148379
050 1 4 _aQA76.73.C154
_bJ35 2007eb
082 0 4 _a005.13/3
_222
100 1 _aJagger, Jon,
_d1966-
245 1 0 _aC annotated standard
_h[electronic resource] /
_cJon Jagger, Nigel Perry, Peter Sestoft.
260 _aAmsterdam ;
_aBoston :
_bElsevier/Morgan Kaufmann Publishers,
_cc2007.
300 _axxxii, 825 p. :
_bill.
504 _aIncludes bibliographical references (p. 804) and index.
533 _aElectronic reproduction.
_bPalo Alto, Calif. :
_cebrary,
_d2013.
_nAvailable via World Wide Web.
_nAccess may be limited to ebrary affiliated libraries.
650 0 _aC (Computer program language)
655 7 _aElectronic books.
_2local
700 1 _aPerry, Nigel.
700 1 _aSestoft, Peter.
710 2 _aebrary, Inc.
856 4 0 _uhttp://site.ebrary.com/lib/rucke/Doc?id=10371831
_zAn electronic book accessible through the World Wide Web; click to view
999 _c98625
_d98625